000 00557cam a2200217 4500
001 M98478
008 090401t1983 xxu||||| |||| 00| 0 eng d
035 _a(Sirsi) u93200
041 _aeng
050 _a693.97
110 _aBuilding Research Establishment
245 _aAid to identification : Tee-beam houses.
260 _bBRE
_c1983
300 _a(3)p. : ill. ; 30cm.
350 _a0
650 _aPREFABRICATED HOUSING
650 _aTEE-BEAM HOUSING
690 _aBUILT ENVIRONMENT-CONSTRUCTION DESIGN
942 _n0
948 _c07/05/1999
999 _c97813
_d97813